| 000 | 01166nam a2200313 i 4500 | ||
|---|---|---|---|
| 003 | EG-GICUC | ||
| 005 | 20260427222057.0 | ||
| 008 | 260427s1985 uk ||||fr|||| 00| 0 ara d | ||
| 017 | _a1985/1024 | ||
| 040 |
_a EG-GICUC _bara _c EG-GICUC _d EG-GICUC _erda |
||
| 041 | 0 | _aara | |
| 082 | 0 | 4 |
_221 _a345.4551 _bع ل . ج |
| 092 | 0 | 4 | _221 |
| 099 | _aLaw1 07 345.4551 ع ل . ج 1985 | ||
| 100 | 0 |
_aعلي خليل ابراهيم _eمؤلف. |
|
| 245 | 1 | 0 |
_aجريمة الموظف العام الخاضعة للتأديب في القانون العراقي : _bدراسة مقارنة / _cعلي خليل ابراهيم. |
| 264 | 1 |
_aلندن : _bدار واسط، _c1985. |
|
| 300 |
_a118 ؛ صفحة _c24 سم. |
||
| 336 |
_2rda content _atext |
||
| 337 |
_2rda media _aComputer |
||
| 338 |
_2rda carrier _aOnline Resource |
||
| 504 | _a.109-118 ببليوجرافيا: صفحات | ||
| 546 | _aالنص باللغة العربية | ||
| 650 | 1 | 4 | _aتاديب العاملين بالقطاع العام |
| 650 | 1 | 4 | _aالقانون الإداري |
| 856 | 4 | 0 | _uhttps://fll.law.cu.edu.eg/fulltext/bks/B07-01623.pdf |
| 905 | _a77 | ||
| 942 |
_2ddc _cBK _e21 _n0 |
||
| 999 |
_c73727 _d73727 |
||